Gaming Quiz

Random Gaming or Video Games Quiz
Score 0/198 Timer 10:00
0 Plays Today
Hint Answer % Correct
GorillaAl
97.1%
DogBea
93.4%
EagleApollo
90.4%
AlligatorAlli
89%
CatBob
88.2%
AlligatorAlfonso
87.5%
ChickenEgbert
87.5%
DeerFauna
87.5%
DuckBill
87.5%
BullAngus
86%
CowTipper
86%
DeerBeau
86%
AnteaterAntonio
84.6%
AnteaterAnnalisa
83.8%
DogGoldie
82.4%
DogLucky
82.4%
BirdJay
81.6%
CatRaymond
81.6%
EagleAmelia
81.6%
AlligatorDrago
80.1%
GorillaRocket
80.1%
ChickenAva
79.4%
DeerDiana
79.4%
ElephantEloise
79.4%
AlligatorBoots
78.7%
AlligatorGayle
78.7%
CowPatty
78.7%
DogDaisy
78.7%
ChickenBenedict
77.9%
EagleAvery
77.9%
GorillaPeewee
77.9%
AnteaterCyrano
77.2%
CowNaomi
77.2%
DeerZell
77.2%
AnteaterAnabelle
76.5%
BullT-Bone
76.5%
CatAnkha
76.5%
CubBluebear
76.5%
BearMegan
75.7%
BullCoach
75.7%
ChickenGoose
75.7%
DeerBam
75.7%
ElephantEllie
75.7%
AlligatorSly
75%
CatTom
75%
DogCherry
75%
ElephantTia
75%
BearUrsala
74.3%
DeerErik
74.3%
GoatChevre
74.3%
AnteaterOlaf
73.5%
AnteaterPango
73.5%
CatRosie
73.5%
BullVic
72.8%
CatLolly
72.8%
CatOlivia
72.8%
CatTangy
72.8%
GoatBilly
72.8%
ChickenKnox
72.1%
CubJudy
72.1%
EaglePierce
72.1%
ElephantAxel
72.1%
ElephantBig Top
72.1%
AlligatorDel
71.3%
BirdRobin
71.3%
BullRodeo
71.3%
Hint Answer % Correct
ChickenBecky
71.3%
BearTeddy
70.6%
DogBones
70.6%
EagleFrank
70.6%
EagleSterling
70.6%
FrogLily
70.6%
CatMitzi
69.9%
CatMoe
69.9%
DeerFuchsia
69.9%
FrogDiva
69.9%
CatKid Cat
69.1%
DogMaddie
69.1%
DuckMolly
69.1%
EagleCelia
69.1%
BullStu
68.4%
CatPurrl
68.4%
ElephantCyd
68.4%
ElephantOpal
68.4%
GoatNan
68.4%
GorillaCesar
68.4%
GorillaLouie
68.4%
AnteaterSnooty
67.6%
BearBeardo
67.6%
CowNorma
67.6%
DeerBruce
67.6%
DeerDeirdre
67.6%
DogCookie
67.6%
BirdAdmiral
66.9%
ChickenBroffina
66.9%
CubCheri
66.9%
DogBiskit
66.9%
FrogPuddles
66.9%
GoatSherb
66.9%
BearChow
66.2%
BirdAnchovy
66.2%
CatKitty
66.2%
CubJune
66.2%
DogButch
66.2%
DogWalker
66.2%
FrogJambette
66.2%
GorillaViolet
66.2%
BearGrizzly
65.4%
CatKiki
65.4%
CatMonique
65.4%
CubStitches
65.4%
DeerLopez
65.4%
FrogJeremiah
65.4%
EagleKeaton
64.7%
BearPinky
64%
CatPunchy
64%
ElephantDizzy
64%
CubMaple
63.2%
DuckScoot
63.2%
EagleBuzz
63.2%
BearCharlise
62.5%
BirdPiper
62.5%
CatKatt
62.5%
ChickenPlucky
62.5%
DogMarcel
62.5%
DuckJoey
62.5%
ElephantMargie
62.5%
ChickenKen
61.8%
FrogHenry
61.8%
GoatVelma
61.8%
BearGroucho
61%
BirdPeck
61%
Hint Answer % Correct
BirdTwiggy
61%
CubPekoe
61%
DogBenjamin
61%
DuckMallary
61%
FrogWart Jr.
61%
BirdJacob
60.3%
BirdMidge
60.3%
BirdSparro
60.3%
CatTabby
60.3%
DogMac
60.3%
DuckGloria
60.3%
DuckMiranda
60.3%
BirdJitters
59.6%
CubBarold
59.6%
CubTammy
59.6%
DogPortia
59.6%
DuckMaelle
59.6%
CatKabuki
58.8%
CubPoncho
58.8%
DuckDrake
58.8%
FrogCamofrog
58.8%
FrogGigi
58.8%
FrogPrince
58.8%
BearKlaus
58.1%
BearPaula
58.1%
BirdJacques
58.1%
FrogDrift
58.1%
DuckDerwin
57.4%
FrogFrobert
57.4%
FrogRibbot
57.4%
GoatGruff
57.4%
BearCurt
56.6%
FrogRaddle
56.6%
GoatPashmina
56.6%
BearIke
55.9%
CatFelicity
55.9%
CatStinky
55.9%
CubChester
55.9%
GorillaBoone
55.9%
CatMerry
55.1%
CubKody
55.1%
DogShep
55.1%
ElephantPaolo
55.1%
BearTutu
54.4%
CubMurphy
54.4%
GoatKidd
54.4%
GorillaHans
53.7%
FrogCousteau
52.9%
FrogHuck
52.9%
CubOlive
51.5%
CubVladimir
51.5%
DuckPate
50%
DuckWeber
50%
FrogTad
50%
GorillaBoyd
50%
BirdLucha
49.3%
DuckDeena
49.3%
DuckQuillson
47.1%
DuckKetchup
45.6%
BearNate
44.9%
ElephantTucker
44.1%
DuckFreckles
41.9%
DuckPompom
41.9%
CubPudge
39%
CatRudy
38.2%
FrogFroque
31.6%
Remove Ads.
Support Sporcle.
Get the best of Sporcle when you Go Orange. This ad-free experience offers more features, more stats, and more fun while also helping to support Sporcle. Thank you for becoming a member.

You're not logged in!

Compare scores with friends on all Sporcle quizzes.
OR
Log In

Sporcle TV

Today on Sporcle TV


Watch our educational content, quiz creation guides, and fun videos on Sporcle TV.

Show Comments

Extras

Top Quizzes Today


Score Distribution

Paid Content

Your Account Isn't Verified!

In order to create a playlist on Sporcle, you need to verify the email address you used during registration. Go to your Sporcle Settings to finish the process.

Report this User

Report this user for behavior that violates our Community Guidelines.

Details: